|
|
|
|
| LEADER |
01009nam a2200217 a 4500 |
| 008 |
091209s1980 dcua b 000 0 eng d |
| 020 |
|
|
|a 0195028333
|
| 020 |
|
|
|a 0195028341
|
| 040 |
|
|
|a BIP US
|d WaSeSS
|d NIC
|d BD-DhAAL
|
| 082 |
0 |
0 |
|a 327.2/091724
|2 19
|
| 245 |
0 |
0 |
|a World development report 1980.
|
| 260 |
|
|
|a Washington, D.C. :
|b World Bank,
|c 1980.
|
| 300 |
|
|
|a viii, 166 p. :
|b ill. ;
|c 27 cm.
|
| 504 |
|
|
|a Includes bibliographical references.
|
| 541 |
1 |
|
|e 00015668
|
| 651 |
|
0 |
|a Developing Countries
|x Economic Conditions.
|
| 710 |
2 |
|
|a World Bank
|
| 852 |
4 |
|
|a Ayesha Abed Library
|j General shelf
|
| 999 |
|
|
|c 6139
|d 6139
|
| 952 |
|
|
|0 0
|1 0
|2 ddc
|4 0
|6 327_209172400000000_WOR_1980
|7 0
|9 6135
|a BRACUL
|b BRACUL
|c GEN
|d 2009-12-15
|g 0.00
|l 0
|o 327.2091724 WOR
|p 3010015668
|r 2009-12-15
|t 1
|w 2009-12-15
|y BK
|x No price found in the accession register.
|
| 952 |
|
|
|0 0
|1 0
|2 ddc
|4 0
|6 327_209172400000000_WOR_1980
|7 0
|9 8060
|a BRACUL
|b BRACUL
|c GEN
|d 2010-02-14
|g 0.00
|l 0
|o 327.2091724 WOR
|p 3010001014
|r 2010-02-14
|t 2
|w 2010-02-14
|y BK
|z Not price in Register
|